Die 3 Top-Scorer jeder Bundesliga-Saison des 21. Jahrhunderts - Statistiken

Allgemein
  • Dieses Quiz wurde 195 mal gespielt
    72 seit der letzten Aktualisierung
  • Das Durchschnittsergebnis liegt bei 58 aus 75
Antwortstatistiken
Saison Verein Scorer T V Spieler % Korrekt
2023/24 1. FC Bayern München 46 36 10 Harry Kane
98%
2024/25 1. FC Bayern München 38 26 12 Harry Kane
98%
3. Borussia Dortmund 32 22 10 Robert Lewandowski
96%
2. Borussia Dortmund 31 24 7 Robert Lewandowski
96%
2013/14 1. Borussia Dortmund 31 20 11 Robert Lewandowski
96%
2015/16 1. FC Bayern München 34 30 4 Robert Lewandowski
96%
2016/17 1. FC Bayern München 38 30 8 Robert Lewandowski
96%
2017/18 1. FC Bayern München 33 29 4 Robert Lewandowski
96%
2018/19 1. FC Bayern München 34 22 12 Robert Lewandowski
96%
2019/20 1. FC Bayern München 39 34 5 Robert Lewandowski
96%
2020/21 1. FC Bayern München 50 41 9 Robert Lewandowski
96%
2021/22 1. FC Bayern München 41 35 6 Robert Lewandowski
96%
2. Borussia Dortmund 31 25 6 Pierre-Emerick Aubameyang
91%
2. Borussia Dortmund 33 31 2 Pierre-Emerick Aubameyang
91%
2. FC Bayern München 25 12 13 Thomas Müller
91%
3. FC Bayern München 26 13 13 Thomas Müller
91%
2. FC Bayern München 28 13 15 Thomas Müller
91%
2. FC Bayern München 24 8 16 Thomas Müller
91%
2. Borussia Dortmund 30 16 14 Marco Reus
89%
3. Borussia Dortmund 29 17 12 Marco Reus
89%
2. VfB Stuttgart 33 28 5 Serhou Guirassy
89%
3. Borussia Dortmund 28 21 7 Serhou Guirassy
89%
3. FC Bayern München 25 17 8 Arjen Robben
85%
3. FC Bayern München 24 7 17 Franck Ribery
85%
2. FC Bayern München 32 12 20 Franck Ribery
85%
2011/12 1. FC Schalke 04 42 29 13 Klaas-Jan Huntelaar
85%
2. FC Bayern München 31 12 19 Michael Olise
85%
2. Bayer 04 Leverkusen 28 21 7 Stefan Kießling
85%
2012/13 1. Bayer 04 Leverkusen 35 25 10 Stefan Kießling
85%
2. VfL Wolfsburg 36 26 10 Edin Dzeko
84%
2009/10 1. VfL Wolfsburg 32 22 10 Edin Dzeko
84%
2008/09 1. VfL Wolfsburg 39 28 11 Grafite
84%
2. FC Bayern München 25 12 13 Jamal Musiala
84%
3. VfB Stuttgart 32 24 8 Mario Gomez
84%
2010/11 1. FC Bayern München 33 28 5 Mario Gomez
84%
2005/06 1. SV Werder Bremen 39 25 14 Miroslav Klose
84%
2006/07 1. SV Werder Bremen 28 13 15 Miroslav Klose
84%
3. Borussia Dortmund 35 27 8 Erling Haaland
82%
3. Borussia Dortmund 30 22 8 Erling Haaland
82%
2. RB Leipzig 37 28 9 Timo Werner
82%
2. SV Werder Bremen 26 16 10 Ailton
80%
2003/04 1. SV Werder Bremen 37 28 9 Ailton
80%
2014/15 1. VfL Wolfsburg 31 10 21 Kevin De Bruyne
80%
3. RB Leipzig 32 24 8 Lois Openda
80%
2. RB Leipzig 36 20 16 Christopher Nkunku
78%
3. RB Leipzig 24 16 8 Christopher Nkunku
78%
2. Borussia Dortmund 30 12 18 Jadon Sancho
78%
3. Borussia Dortmund 34 17 17 Jadon Sancho
78%
2007/08 1. FC Bayern München 31 24 7 Luca Toni
76%
2. SV Werder Bremen 27 13 14 Diego
75%
2. SV Werder Bremen 24 13 11 Diego
75%
2022/23 1. Eintracht Frankfurt 31 15 16 Randal Kolo Muani
75%
2. Eintracht Frankfurt 38 28 10 Andre Silva
71%
2002/03 1. FC Bayern München 27 21 6 Giovane Elber
69%
2. Bayer 04 Leverkusen 25 17 8 Michael Ballack
67%
2000/01 1. FC Schalke 04 32 22 10 Ebbe Sand
65%
3. 1. FC Nürnberg 30 24 6 Marek Mintal
65%
3. FC Bayern München 27 23 4 Roy Makaay
65%
2004/05 1. FC Bayern München 36 22 14 Roy Makaay
65%
3. RB Leipzig 30 8 22 Emil Forsberg
64%
2001/02 1. Borussia Dortmund 27 18 9 Marcio Amoroso
62%
3. TSV 1860 München 23 18 5 Martin Max
60%
2. FC Hansa Rostock 28 20 8 Martin Max
60%
3. SV Werder Bremen 26 9 17 Mesut Özil
60%
3. Hertha BSC 25 14 11 Marcelinho
58%
2. Hertha BSC 31 18 13 Marcelinho
58%
3. Hertha BSC 24 12 12 Marcelinho
58%
3. TSG 1899 Hoffenheim 27 16 11 Roberto Firmino
58%
3. SV Werder Bremen 26 19 7 Claudio Pizarro
55%
2. Hamburger SV 27 22 5 Sergej Barbarez
53%
2. Bayer 04 Leverkusen 31 21 10 Dimitar Berbatov
47%
3. FC Schalke 04 26 15 11 Kevin Kuranyi
47%
3. SV Werder Bremen 23 14 9 Markus Rosenberg
44%
3. Borussia Dortmund 31 11 20 Henrikh Mkhitaryan
33%
3. TSG 1899 Hoffenheim 23 14 9 Mark Uth
18%
Keine übereinstimmenden Quizze gefunden
Verteilung der Resultate
Anzahl Personen mit jedem Resultat
Perzentil nach korrekt beantworteten Fragen
Ihre Resultats-Entwicklung
Sie haben dieses Quiz seit der letzten Aktualisierung nicht gespielt